Catálogo

Diccionario de psicología / (Registro nro. 9908)

Detalles MARC
000 -LEADER
fixed length control field 01110cam a2200313 i 4500
001 - CONTROL NUMBER
control field 9908
003 - CONTROL NUMBER IDENTIFIER
control field Mx-PuUPA
005 - DATE AND TIME OF LATEST TRANSACTION
control field 20240410103450.0
008 - FIXED-LENGTH DATA ELEMENTS--GENERAL INFORMATION
fixed length control field 140415s1948 mx r 000 0 spa d
020 ## - INTERNATIONAL STANDARD BOOK NUMBER
International Standard Book Number 9681608062
040 ## - CATALOGING SOURCE
Original cataloging agency MX-PuUPA
Language of cataloging spa
Description conventions rda
Transcribing agency Mx-PuUPA
Modifying agency Mx-PuUPA
041 1# - LANGUAGE CODE
Language code of text/sound track or separate title spa
Language code of original eng
240 10 - UNIFORM TITLE
Uniform title Diccionary of psychology.
Language of a work Español
245 00 - TITLE STATEMENT
Title Diccionario de psicología /
Statement of responsibility, etc. editor, Howard C. Warren ; traducción y revisión de E. Imaz, A. Alatorre [y otro].
250 ## - EDITION STATEMENT
Edition statement Primera edición
264 #1 - PRODUCTION, PUBLICATION, DISTRIBUTION, MANUFACTURE, AND COPYRIGHT NOTICE
Place of production, publication, distribution, manufacture México, D.F. :
Name of producer, publisher, distributor, manufacturer Fondo de Cultura Económica,
Date of production, publication, distribution, manufacture, or copyright notice 1948
300 ## - PHYSICAL DESCRIPTION
Extent xvi, 382 páginas ;
Dimensions 23 cm.
336 ## - CONTENT TYPE
Content type term texto
Fuente rdacontent
Content type code txt
337 ## - MEDIA TYPE
Media type term sin medio
Source rdamedia
Media type code n
338 ## - CARRIER TYPE
Carrier type term volumen
Source rdacarrier
Carrier type code nc
650 #4 - SUBJECT ADDED ENTRY--TOPICAL TERM
Topical term or geographic name entry element Psicología
Form subdivision Diccionarios
700 1# - ADDED ENTRY--PERSONAL NAME
Personal name Warren, Howard C.,
Relator term editor
700 1# - ADDED ENTRY--PERSONAL NAME
Personal name Imaz, E.,
Relator term traductor
700 1# - ADDED ENTRY--PERSONAL NAME
Personal name Alatorre, A.,
Relator term traductor
765 08 - ORIGINAL LANGUAGE ENTRY
Main entry heading Warren, Howard C.,
Title Diccionary of psychology.
Place, publisher, and date of publication Boston : Houghton Mifflin Company, ©1934
942 ## - ADDED ENTRY ELEMENTS (KOHA)
Source of classification or shelving scheme Dewey Decimal Classification
Koha item type Libro
Classification part 150.3
Item part D545
Existencias
Withdrawn status Lost status Source of classification or shelving scheme Damaged status Not for loan Collection code Home library Current library Shelving location Date acquired Source of acquisition Full call number Barcode Date last seen Price effective from Koha item type Copy number
    Dewey Decimal Classification     Referencia Biblioteca Karol Wojtyla Biblioteca Karol Wojtyla Área de silencio 03/12/2013 Compra 150.3 D545 1948 2445 05/01/2026 14/03/2018 Libro R  
    Dewey Decimal Classification     Referencia Biblioteca Karol Wojtyla Biblioteca Karol Wojtyla Área de silencio 03/12/2013 Compra 150.3 D545 1948 8745 05/01/2026 23/01/2018 Libro R Ej.2